| 000 | 00833nam a2200205 a 4500 | ||
|---|---|---|---|
| 003 | 0 | ||
| 005 | 20250314122658.0 | ||
| 008 | 071127s19uu xx 00 eng d | ||
| 050 |
_aPGS LB 3013.322 _b.So689 2007 |
||
| 100 | _aSolomon, Elyssa Hillary O. | ||
| 245 |
_aThe effects of discipline sanction on the attendance and punctuality of grade six students of SISC / _cElyssa Hillary O. Solomon. |
||
| 260 |
_aLas PiƱas City, Philippines : _bSouthville International School and Colleges, _c2007. |
||
| 300 |
_a35 pages : _billustrations ; _c28 cm. |
||
| 504 | _aIncludes bibliographical references. | ||
| 650 |
_aSchool discipline _vEffects on students. |
||
| 650 |
_aStudent attendance _vInfluencing factors |
||
| 650 | _aPunctuality in education. | ||
| 650 | _aDisciplinary actions in schools. | ||
| 942 |
_2lcc _cPASS |
||
| 999 |
_c97769 _d97769 |
||